<?xml version="1.0" encoding="UTF-8"?>
<marc:record xmlns:marc="http://www.loc.gov/MARC21/slim">
   <marc:leader>00000nam a2200000 a 4500</marc:leader>
   <marc:datafield ind1="1" ind2=" " tag="100">
      <marc:subfield code="a">Reverte, Arturo Perez</marc:subfield>
      <marc:subfield code="4">aut</marc:subfield>
      <marc:subfield code="e">Verfasser/-in</marc:subfield>
   </marc:datafield>
   <marc:datafield ind1="0" ind2="0" tag="245">
      <marc:subfield code="a">Der Preis den man zahlt</marc:subfield>
   </marc:datafield>
   <marc:datafield ind1="0" ind2="0" tag="245">
      <marc:subfield code="b">Roman</marc:subfield>
   </marc:datafield>
   <marc:datafield ind1="0" ind2="0" tag="245">
      <marc:subfield code="c">Arturo Perez Reverte</marc:subfield>
   </marc:datafield>
   <marc:datafield ind1=" " ind2="1" tag="264">
      <marc:subfield code="a">Frankfurt am Main</marc:subfield>
      <marc:subfield code="b">Insel</marc:subfield>
      <marc:subfield code="c">2017</marc:subfield>
   </marc:datafield>
   <marc:datafield ind1=" " ind2=" " tag="250">
      <marc:subfield code="a">2</marc:subfield>
   </marc:datafield>
   <marc:datafield ind1="1" ind2=" " tag="520">
      <marc:subfield code="a">Der Spion Lorenzo Falcó ist charismatisch, mit allen Wässerchen gewaschen und steht vor der waghalsigsten Mission seines Lebens. Es ist das turbulente Jahr 1936, und er hat den Auftrag erhalten, im südspanischen Alicante einen hochrangigen politischen Gefangenen zu befreien und vor dem sicheren Tod zu retten, eine kriegsentscheidende Aktion. Falcó hat drei Mitstreiter, darunter die undurchsichtige Eva Rengel. Man ist sich nie zuvor begegnet, muss sich aber absolut aufeinander verlassen können. Und während sie sich immer weiter in eine scheinbar bodenlose Situation aus Grausamkeit und Täuschung verstricken, kommen Falcó und Eva sich nahe. Gefährlich nahe, denn schon sehr bald wird deutlich, dass alle Beteiligten ein Doppelspiel betreiben.</marc:subfield>
   </marc:datafield>
   <marc:datafield ind1=" " ind2=" " tag="020">
      <marc:subfield code="a">9783458177197</marc:subfield>
      <marc:subfield code="9">9783458177197</marc:subfield>
   </marc:datafield>
   <marc:datafield ind1=" " ind2=" " tag="020">
      <marc:subfield code="a">3458177191</marc:subfield>
      <marc:subfield code="9">3458177191</marc:subfield>
   </marc:datafield>
   <marc:datafield ind1=" " ind2=" " tag="500">
      <marc:subfield code="a">Aus dem Spanisch. übers.</marc:subfield>
   </marc:datafield>
   <marc:datafield ind1=" " ind2=" " tag="300">
      <marc:subfield code="a">294 S.</marc:subfield>
   </marc:datafield>
</marc:record>
